Návrh špecializovaných výrobných stredísk : záverečná správa k výskumnej úlohe č. VÚPS-3-1960 /

Gespeichert in:
Bibliographische Detailangaben
Hauptverfasser: Bóna, Ján (Verfasst von), Compel, Jozef (Verfasst von), Drobný, Jaroslav (Verfasst von)
Format: Buch
Sprache:Slowakisch
Veröffentlicht: Bratislava : Výskumný ústav poľnohospodárskeho staviteľstva SvF, 1962
Schlagworte:
Tags: Tag hinzufügen
Keine Tags, Fügen Sie das erste Tag hinzu!

MARC

LEADER 00000nam a22000003a 4500
001 0111216
003 SK-STU
005 20240913133930.8
007 ta
008 240913s ----xo-----f------000-0-slo-d
040 |a STU  |b slo 
041 0 |a slo 
044 |a xo 
100 1 |a Bóna, Ján  |4 aut 
245 1 0 |a Návrh špecializovaných výrobných stredísk :  |b záverečná správa k výskumnej úlohe č. VÚPS-3-1960 /  |c aut. Ján Bóna, Jozef Compel, Jaroslav Drobný 
260 |a Bratislava :  |b Výskumný ústav poľnohospodárskeho staviteľstva SvF,  |c 1962 
300 |a 57 s. 
650 0 7 |a poľnohospodárske stavby 
650 0 7 |a architektúra 
650 0 7 |a farmy na Slovensku 
700 1 |a Compel, Jozef  |4 aut 
700 1 |a Drobný, Jaroslav  |4 aut 
996 |b 284AU10030  |c A* 4/V  |l AAKNST  |s P  |a 0  |w 0111216_0001